| 000 | 00000nam##2200000za#4500 |
| 001 | 9.612354 |
| 003 | CaOODSP |
| 005 | 20200401020153 |
| 007 | ta |
| 008 | 150406|1995||||xxc||||| f|0| 0 eng|d |
| 020 | |a0-662-23529-0 |
| 022 | |a1188-8903 |
| 040 | |aCaOODSP|beng |
| 043 | |an-cn--- |
| 086 | 1 |aEn1-17/11-1995E |
| 110 | 1 |aCanada. |bEnvironment Canada. |bEnvironmental Protection Service. |
| 245 | 10|aContaminated soil: mobile unit for washing contaminated soils / |cby Pierre Geoffroy et al. |
| 260 | |bEnvironment Canada. |c1995. |
| 300 | |a4p. : |bcoloured figs., tables ; |c28 cm. |
| 490 | 1 |aSt. Lawrence technologies|x1188-8903 |
| 563 | |aPamphlet |
| 590 | |a95-38|b1995-09-22 |
| 720 | 1 |aGeoffroy, Pierre |
| 775 | 08|tSols contaminés: unité mobile de lessivage de sols contaminés / |w(CaOODSP)9.623396 |
| 776 | 0#|tContaminated soil. Mobile unit for washing contaminated soils |w(CaOODSP)9.571220 |
| 830 | #0|aSt. Lawrence technologies,|x1188-8903|w(CaOODSP)9.514532 |